000 00835nam a22002057a 4500
005 20170601095821.0
020 _a9789350719770
_c625.00
035 _aB-666066
037 _adpl
_bVariety/Ven
082 _a346.54066
100 _aKapoor, G.K.
245 _aTaxmann's company law :
_cby G.K.Kapoor [and] Sanjay Dhamija
_ba comprehensive text book on companies act 2013 /
250 _a19th ed
260 _aNew Delhi
_bTaxmann Publications
_c2016
270 _a59/32, New Rohtak Road
_bNew Delhi
_e110005
_k+91-11-45562222
300 _aI-62,654p.
_c24cm(pbk)
700 _aDhamija, Sanjay
942 _2ddc
_cEN
_mKAP
_h346.54066
999 _c140654
_d140654